000 00316nam a2200109Ia 4500
008 201217s9999 xx 000 0 und d
100 _aNorton, Peter; Socha, John
245 0 _aPeter Norton's Assembly Language Book For The IBM PC (Software Version)
260 _aNew York
_bPrentice Hall
300 _a413
942 _cBK
999 _c7805
_d7805